| 000 | 00937nam a22003017a 4500 | ||
|---|---|---|---|
| 003 | CHAP | ||
| 005 | 20220817042340.0 | ||
| 008 | 971013s1974 mx r 00010 spa d | ||
| 010 | _a41682 | ||
| 011 | _a42654 | ||
| 035 | _a46783 | ||
| 040 | _cCHAP | ||
| 082 | 0 | 0 |
_a080 _bS4 v.155 |
| 100 | 0 | 0 |
_aMuriá, José María. _979776 |
| 245 | 1 | _aBartolomé de las Casas ante la historiografía mexicana | |
| 260 |
_aMéxico, D.F. : _bSecretaría de Educación Pública, _c1974 |
||
| 300 | _a214 p | ||
| 490 |
_aSEP. Setentas _v; 155 |
||
| 590 |
_aBATCH-UPD _b10 _c20130110 _lUCH01 _h1823 |
||
| 590 |
_aBATCH-UPD _b10 _c20130410 _lUCH01 _h1156 |
||
| 590 |
_aBATCH-UPD _b10 _c20130914 _lUCH01 _h1618 |
||
| 590 |
_aCONVERSION _b10 _c20130109 _lUCH01 _h1323 |
||
| 650 | 1 | 4 |
_aHistoriografía. _955652 |
| 830 | 0 |
_aSEP. Setentas _v; 155 |
|
| 901 | _aBK | ||
| 942 | _cLIBRO | ||
| 949 |
_a080 S4 v.155 _bBC _cLIBRO _d33724000306874 _eLIBRO _h32200 _i46783 _mD _si |
||
| 999 |
_c41682 _d41682 |
||